000 00502nam a22001817a 4500
003 BD-ChCU
005 20251119125931.0
008 251119b usa ||||| |||| 00| 0 eng d
020 _a0122108450
040 _cBD-ChCU
082 _a639.80913 T856
100 _aDe silva, Sena S.
_eEditor
_916486
245 _aTropical Mariculture /
_cedited by Sena S. De Silva
260 _aNew York :
_bAcademic press,
_cc1998
300 _a487p.
650 0 _aMariculture- Tropies
_916487
942 _2ddc
_cBK
_n0
999 _c109617
_d109617